Movies Quiz

Random Movies or Actor Quiz

5 by 5 Movies by Actor III Quiz Stats

 Plays Quiz Updated Nov 6, 2018

Support Sporcle.
Go Orange.
Score 0/25 Timer 05:00
4 Plays Today
Hint Answer % Correct
Tom CruiseMission: Impossible
94.9%
Top Gun
94.3%
Bill MurrayGhostbusters
94.1%
Groundhog Day
91.1%
Fight Club
88.2%
The Curious Case of Benjamin Button
78.6%
Danny DeVitoTwins
75.5%
Jerry Maguire
75.1%
A Few Good Men
74%
Denzel WashingtonTraining Day
70.3%
Risky Business
70.1%
Brad PittOcean's Eleven
69.9%
Batman Returns
66%
Hint Answer % Correct
Austin Powers in Goldmember
65.7%
Lost in Translation
65.2%
Malcolm X
65%
Hercules
60.8%
Zombieland
60.2%
Remember the Titans
55.5%
The Jungle Book
54.2%
Flight
53.9%
The Book of Eli
50%
Matilda
48.6%
Megamind
36.1%
12 Years a Slave
33.1%

You're not logged in!

Compare scores with friends on all Sporcle quizzes.
OR
Log In

From the Vault

Big 4 Finals Rematches

by Hejman

These teams still had some things to work out.
Remove Ads.
Support Sporcle.
Get the best of Sporcle when you Go Orange. This ad-free experience offers more features, more stats, and more fun while also helping to support Sporcle. Thank you for becoming a member.

Show Comments

Extras

Top Quizzes Today


Score Distribution

Your Account Isn't Verified!

In order to create a playlist on Sporcle, you need to verify the email address you used during registration. Go to your Sporcle Settings to finish the process.

Report this User

Report this user for behavior that violates our Community Guidelines.

Details: